000 02047nam a22003257a 4500
005 20220218114922.0
008 201107s1997 enk |||f||||| 001 0 mul d
020 _a9780674995352
040 _cSandra Yazo
_dSandra Yazo
041 0 _aeng
_agre
082 0 4 _220
_a591
092 _aE62N088
100 1 _aEliano, Claudio
_9101987
242 0 0 _aClaudio Eliano.
_bMiscelánea de historias [Historias coloridas].
_cEdición y traducción de N. G. Wilson.
_yspa
245 1 0 _aAelian.
_bHistorical Miscellany.
_cEdited and translated by N. G. Wilson.
260 _aLondon [Londres] (Inglaterra)
_bHarvard University Press [Imprenta de la Universidad de Harvard]
_c1997
300 _a515 páginas
_c16 x 11 cm.
490 0 _aLoeb classical Library
_v486
500 _aDetalles físicos: Encuadernación rígida. Cartón duro forrado en tela. Lomo con adornos en dorado. En la tapa delantera anagrama en dorado. Cubierta de papel verde con solapa, que incluye datos de autor y de la obra. Guardas. Hoja de cortesía. Anteportada. Portada impresa en una sola tinta; información sobre la obra dentro de un recuadro. Pequeño grabado con el emblema de la Colección (Palas Athenea); en el círculo, la inscripción “Loeb Classical Library”. Texto muy bien impreso en una sola columna: el texto griego, con párrafos numerados, ocupa la página derecha; la traducción inglesa correspondiente a la página de la izquierda. Notas de pie de página. Incluye índice. Hojas de cortesía posteriores y guardas
505 0 _aIntroducción ; Historias coloridas [Miscelánea de historias]: libros del I al XIV ; Fragmentos ; Índice
506 _aConsulta en sala
546 _aTexto en inglés y griego
650 7 _aLiteratura griega
_976
_xAnécdotas
650 7 _aLiteratura griega
_976
_xPoesía
650 7 _98225
_zGrecia
651 0 4 _926628
_aGrecia antigua
_xVida social y costumbres
690 _aLiteratura griega
_976
700 1 _aWilson, N.G.
_d1935-
_q(Nigel Guy)
_9101989
_etraductor
942 _2LOCAL
_cLIBRO
_e1
_hE62N088
999 _c318414
_d318414